[Event "FRA-chTB U20 1011"]
[Site "France"]
[Date "2010.12.20"]
[Round "7.1"]
[White "Sok, Michael"]
[Black "Barbot, Pierre"]
[Result "0-1"]
[WhiteElo "1717"]
[BlackElo "2177"]
[PlyCount "66"]
[EventDate "2010.11.20"]
[EventType "team-tourn"]
[EventRounds "7"]
[EventCountry "FRA"]
[SourceTitle "EXT 2012"]
[Source "ChessBase"]
[SourceDate "2011.11.24"]
[SourceVersion "1"]
[SourceVersionDate "2011.11.24"]
[SourceQuality "1"]
[WhiteTeam "Potemkine"]
[BlackTeam "Sautron"]
[WhiteTeamCountry "FRA"]
[BlackTeamCountry "FRA"]

1. d4 Nf6 2. c4 g6 3. Nc3 d5 4. Nf3 Bg7 5. Qb3 dxc4 6. Qxc4 0-0 7. e4 a6 8. Be2 b5 9. Qd3 Bb7 10. a3 c5 11. dxc5 Qxd3 12. Bxd3 Nbd7 13. Be3 Ng4 14. Ke2 Nxe3 15. Kxe3 Nxc5 16. Bc2 Rfd8 17. Rad1 Nd7 18. Rd3 Nb6 19. Rxd8+ Rxd8 20. Bb3 Rc8 21. Rd1 Bxc3 22. bxc3 Rxc3+ 23. Rd3 Nc4+ 24. Bxc4 Rxc4 25. Nd2 Rc7 26. f3 e5 27. Nb3 Kf8 28. Kd2 Ke7 29. Na5 Bc8 30. Nb3 Rd7 31. Nc5 Rxd3+ 32. Nxd3 Kd6 33. Kc3 a5 0-1

[Event "FRA-chTB U20 1011"]
[Site "France"]
[Date "2010.11.20"]
[Round "1.2"]
[White "Sok, Michael"]
[Black "Wurtz, Guillaume"]
[Result "0-1"]
[WhiteElo "1717"]
[BlackElo "1930"]
[PlyCount "112"]
[EventDate "2010.11.20"]
[EventType "team-tourn"]
[EventRounds "7"]
[EventCountry "FRA"]
[SourceTitle "EXT 2012"]
[Source "ChessBase"]
[SourceDate "2011.11.24"]
[SourceVersion "1"]
[SourceVersionDate "2011.11.24"]
[SourceQuality "1"]
[WhiteTeam "Potemkine"]
[BlackTeam "Bischwiller"]
[WhiteTeamCountry "FRA"]
[BlackTeamCountry "FRA"]

1. d4 Nf6 2. c4 g6 3. Nc3 Bg7 4. Nf3 0-0 5. e4 d6 6. Bf4 Nbd7 7. Qd2 e5 8. dxe5 dxe5 9. Bh6 c6 10. Bxg7 Kxg7 11. Rd1 Qe7 12. Qd6 Qxd6 13. Rxd6 Nc5 14. Nxe5 Re8 15. f4 Nfxe4 16. Nxe4 Nxe4 17. Rd4 Nc5 18. Be2 Ne6 19. Re4 f5 20. Re3 Nxf4 21. 0-0 Nxe2+ 22. Rxe2 Be6 23. Rfe1 Kf6 24. Nd3 b6 25. b3 Bf7 26. Ne5 Rac8 27. Nd7+ Kg7 28. Ne5 c5 29. Kf2 Re6 30. Kf3 Rce8 31. Kf4 R8e7 32. Kg5 Bg8 33. h4 h6+ 34. Kf4 Kf6 35. Nxg6 Rxe2 36. Nxe7 Rxe1 37. Nxg8+ Kg7 38. Nxh6 Kxh6 39. Kxf5 Kh5 40. g3 Rf1+ 41. Ke4 Kg4 42. Kd5 Kxg3 43. h5 Rh1 44. Kc6 Rxh5 45. Kb7 Rh7+ 46. Ka6 Kf4 47. a3 Ke5 48. b4 cxb4 49. axb4 Kd4 50. b5 Rh5 51. Kxa7 Kxc4 52. Ka6 Rh3 53. Kb7 Kxb5 54. Kc7 Kc4 55. Kb7 b5 56. Ka7 b4 0-1